102 szczyty Beskidu Wyspowego - Statystyki

Ogólne statystyki
  • Ten quiz został rozwiązany 10 razy
  • Średni wynik to 26 z 102
Statystyki odpowiedzi
m.n.p.m Nazwa szczytu % Poprawnych
1170 Mogielica
100%
1072 Ćwilin
89%
830 Ciecień
67%
1063 Jasień
67%
720 Kostrza
67%
967 Lubogoszcz
67%
1023 Luboń Wielki
67%
1029 Modyń
67%
1007 Śnieżnica
67%
976 Szczebel
67%
728 Babia Góra
56%
618 Grodzisko
56%
1013 Krzystonów
56%
643 Księża Góra
56%
960 Łopień
56%
902 Lubomir
56%
780 | 925 Ostra
56%
648 | 789 Chełm
44%
918 Jaworz
44%
801 Kamionna
44%
869 Luboń Mały
44%
716 Miejska Góra
44%
640 Paproć
44%
905 Sałasz
44%
612 Adamczykowa
33%
673 Czarny Dział
33%
626 | 650 Dzielec
33%
896 Jeżowa Woda
33%
725 | 790 Kiczora
33%
953 Lubogoszcz Zachodni
33%
891 Łysina
33%
802 Łyżka
33%
749 Skiełek
33%
893 Trzy Kopce
33%
778 Wierzbanowska Góra
33%
752 Golców
22%
827 Kamiennik
22%
1007 Kiczora Kamienicka
22%
1053 Kutrzyca
22%
657 Łopusze Zachodnie
22%
805 Ogorzała
22%
774 Pępówka
22%
745 Potaczkowa
22%
586 Szklarnia
22%
673 Urbania Góra
22%
680 Zbludzkie Wierchy
22%
695 Zęzów
22%
536 Złote Wierchy
22%
599 Bąkowiec
11%
616 Białowodzka Góra
11%
926 Cichoń
11%
793 Cuprówka
11%
410 Góra Zyndrama
11%
743 Groń
11%
513 Grunwald
11%
679 Grzebień
11%
911 Hala
11%
620 Jabłoniec
11%
860 Jasieńczyk
11%
611 Kobyła
11%
727 Korab
11%
701 Kuklacz
11%
601 Łopusze Wschodnie
11%
781 Łysa Góra
11%
883 Mała Góra
11%
968 Miznówka
11%
872 Myszyca
11%
803 Okowaniec
11%
625 Okrągła
11%
483 Ostra Góra
11%
652 Piekło
11%
1000 Polana Łąki
11%
588 Polczakówka
11%
762 Sarczyn
11%
618 Śliwnik
11%
729 Spleźnia
11%
665 Stronia
11%
734 Świerczek
11%
752 Wielka Góra
11%
1016 Wielki Wierch
11%
720 Witów
11%
559 Worecznik
11%
858 Zębalowa
11%
561 Borek
0%
644 Bydłoniowa
0%
564 Cubla Góra
0%
616 Dalna Góra
0%
561 Jastrząbka
0%
482 Jodłowiec Wielki
0%
580 Kamionka
0%
817 Klończyk
0%
764 Pasierbicka Góra
0%
763 Patryja
0%
623 Piechówka
0%
624 Skalica
0%
653 Strzałba
0%
611 Świnna Góra
0%
681 Uklejna
0%
Nie znaleziono quizów pasujących do podanych kryteriów
Rozkład punktacji
Procent ludzi z każdym wynikiem
Percentyl według liczby udzielonych odpowiedzi
Twoja historia wyników
Nie rozwiązałeś tego quizu